Name All Members of the Dream SMP - Statistics

General Stats
  • This quiz has been taken 211,813 times
    160,864 since last reset
  • The average score is 24 of 33
Answer Stats
Member % Correct
Dream
100%
George
97%
Tommy
97%
Sapnap
96%
Tubbo
94%
Wilbur
93%
BadBoyHalo
89%
Niki
89%
Ranboo
87%
Technoblade
87%
Quackity
85%
Skeppy
82%
Philza
81%
Fundy
80%
Karl Jacobs
80%
Punz
74%
Puffy
72%
Awesamdude
71%
Schlatt
71%
Jack Manifold
70%
Ponk
70%
Eret
68%
Purpled
67%
Antfrost
64%
Alyssa
63%
Callahan
61%
Hannah
61%
Foolish Games
60%
HBomb
48%
Connor
47%
Vikkstar
47%
Slimecicle
46%
LazarBeam
45%
No matching quizzes found
Score Distribution
Percent of People with Each Score
Percentile by Number Answered
Your Score History
You have not taken this quiz since the last reset